| 000 | 00941cab a2200205 4500 | ||
|---|---|---|---|
| 001 | ##L133471 | ||
| 008 | 060511n2006 000 0 eng u | ||
| 035 | _a(Sirsi) u133471 | ||
| 041 | 0 | _aeng | |
| 100 | 1 | _aEdge, Jeremy | |
| 245 | 0 | 0 | _aGrowing pains of the growth areas |
| 260 | _c2006 | ||
| 490 | 0 |
_aProperty Forecast _v9(4) April 2006, 4-5(2) |
|
| 520 | _aCritically examines the way the government is addressing the problem of lack of infrastructure in its plans for massive new housing developments in the growth areas established under the Sustainable Communities Plan in February 2003. Advocates a greater use of modern, partnership-based Urban Development Corporations to achieve UK government objectives. | ||
| 590 | _aIKA230506 | ||
| 650 | 2 | 4 | _aSUSTAINABLE COMMUNITIES: BUILDING FOR THE FUTURE |
| 651 | 4 |
_aEngland _y886- |
|
| 690 | _aENVIRONMENTAL AND LAND CONSULTANCY-SUSTAINABILITY-SUSTAINABLE DEVELOPMENT | ||
| 942 | _n0 | ||
| 999 |
_c77025 _d77025 |
||